Statistiques concernant Les featurings de Niska

Cliquez ici pour prendre le quiz!

Statistiques générales

  • Ce quiz a été pris 238 fois
    (94 depuis la dernière actualisation)
  • Le résultat moyen est 29 sur 71

Statistiques - réponses

DépartmentArtistesSons% Correct
91Koba La DRR 9.1 (2019), Tous les couler (2019)
100%
91NinhoElle a mal (2016), Maman ne le sait pas (2019), Méchant (2019), N.I. (2021)
99%
92BoobaM.L.C. (2016), Tuba Life (2017), Ça va aller (2017), Médicament (2019)
95%
93TiakolaJoe Pesci (2021), Journée (2021), Mode AV (2022)
91%
75LetoNouveaux riches (2020)
85%
BELShayLiquide (2019), Sans Cœur (2023)
84%
75GimsSapés comme jamais (2015), Elle avaiit son Djo (2016)
83%
60NazaLové (2016), Joli bébé (2020)
83%
93GazoMode AV (2022), R.A.S. (2022)
80%
972KalashL'ennemi (2016), Koussi Koussa (2017)
79%
934KeusMD (2019)
78%
13SCHMauvais payeur (2016)
74%
BELHamzaJota (2021)
73%
93MaesBlue Magic (2021), B22 (2023)
73%
75MHDVersus (2017)
72%
75Guy2BezbarAh non c'est terrible (2018), De bon matin (2021)
69%
ALGSoolkingBalader (2022)
69%
93Aya NakamuraSucette Remix (2018)
68%
91MadraneQué Pasa Amigo (2014), Carjack Chiraq (2015), Gros bonnets (2015), Tony Montana (2015), On veux du yellow (2015), Matuidi Charo (2015), Claquer la monnaie (2016), Speingof (2016), Trafiquants (2017), Ah non c'est terrible (2018), Bandit Chef (2020), Téma le truc (2021), CDC (2021)
65%
59GradurCala Boca (2016), Méchant Sheguey (2019)
64%
92SDMFame (2022)
64%
93DadjuSous contrôle (2017)
63%
93Kalash CriminelTu paniques (2020)
63%
92PLKOn sait jamais (2020)
63%
BELFresh La PeufraAllez dehors (2022)
60%
921PLIKÉ140140G (2021)
58%
93ZedCritical (2022), Sal baye (2022)
53%
93Heuss l'EnfoiréMoula (2019)
52%
93LandyMillions d'euros (2020)
52%
93KekraVréalité (2019)
42%
9313 BlockTieks (2020)
41%
93Liim'sLoup solitaire (2021)
38%
13SopranoZoum (2018)
38%
91Skaodi911 (2015), L'ennemi (2016), Favelas (2017), Manu Le Coq (2019)
37%
91BramsitoCriminel (2020)
36%
93MayoService (2021), Mauvais (2023)
35%
93SadekEn leuleu (2017)
35%
94LacrimNipsey Hussle (2020)
33%
13AlonzoLa moula (2015)
31%
41NiroA qui la faute (2023)
31%
91TrafiquintéQué Pasa Amigo (2014), Tony Montana (2015), On veux du yellow (2015), Matuidi Charo (2015), Speingof (2016), Ah non c'est terrible (2018), Téma le truc (2021)
31%
60KeBlackLové (2016), Walou (2017)
27%
91BrigiTony Montana (2015), On veux du yellow (2015), Matuidi Charo (2015), Téma le truc (2021)
26%
GERLucianoBlue Porsche (2024)
26%
91PepitoCDC (2021)
26%
UnknownDiploBoom Bye Bye (2019)
25%
MaliSidiki DiabatéC'est bon ! (2016), Oh Bella Ciao (2016), Ça va aller (2017)
25%
91RakoTony Montana (2015), Matuidi Charo (2015)
23%
UnknownXvbarbarCarjack Chiraq (2015)
23%
ALGDJ KayzMonte le son (2020)
22%
USQuavoRéseaux Remix (2018)
21%
94RskoRebelote (2023)
21%
243Fally IpupaChérie coco (2022)
20%
95Seth GuekoHommes des neiges (2015)
15%
CIVFior 2 BiorGnomi avec lait (2021)
14%
UnknownKimaSosa (2023)
11%
UKStefflon DonRéseaux Remix (2018)
11%
243Gaz MaweteDendisa (2023)
10%
93GLKCompton (2016)
10%
75DehmoBloc (2017)
9%
75/91AlkpoteTrafiquants (2017)
7%
80DisizCercle rouge (2018)
6%
UnknownLutinCARACTÈRE (2023)
5%
CIVDJ ArafatQui est khôrô (2018)
4%
UnknownNimoRéseaux K¡K¡ Remix (2018)
2%
UnknownManaxJ'accoste en Survet (2014)
1%
91OmzoAh non c'est terrible (2018)
1%
UnknownBehanzinhoFreddy Krueger (2018)
0%
UnknownBuldo JohnCalibrer (2015)
0%
MaliIba OneC'est bon ! (2016)
0%
UnknownSnifeur BabyFreddy Krueger (2018)
0%

Distribution des résultats

Percentile par nombre de réponses

% des personnes avec chaque résultat

Votre développement - résultats

Vous n’avez pas pris ce quiz depuis la dernière actualisation